Come On 'Bro'! Quiz Stats

 Plays Quiz Updated Oct 8, 2015

Also try: Click A Bro
Challenge
Share
Tweet
Embed
Score 0/25 Timer 06:00
3 Plays Today
% Correct
Bronze
97.1%
Broccoli
97%
Brownie
96.9%
Broke
96.9%
Broom
96.8%
Brother
96.7%
Bronchitis
96.6%
Broadcasting
96.1%
Broncos
96.1%
Browse
95.8%
Broker
95.7%
Brothel
95.3%
Brow
95.3%
% Correct
Broth
95.3%
Broad
94.5%
Broil
94.3%
Brook
94.1%
Brown
93.9%
Brochure
93.2%
Bromine
92.2%
Brownout
92.2%
Brood
89.5%
Broach
87.5%
Brouhaha
87%
Broadbill
74.9%

You're not logged in!

Compare scores with friends on all Sporcle quizzes.
Join for Free
OR
Log In

You Might Also Like...

Show Comments

Extras

Top Quizzes Today


Score Distribution

Your Account Isn't Verified!

In order to create a playlist on Sporcle, you need to verify the email address you used during registration. Go to your Sporcle Settings to finish the process.

Report this User

Report this user for behavior that violates our Community Guidelines.

Details: